| 000 | 00366nam a2200133Ia 4500 | ||
|---|---|---|---|
| 005 | 20251222144709.0 | ||
| 008 | 251222s9999||||xx |||||||||||||| ||spa|| | ||
| 020 | _a978-9972-234-52-1 | ||
| 082 | _a657.1/A93 | ||
| 100 | _aAyala Zavala, Pascual | ||
| 245 | 0 | _aManual de Prácticas del Plan Contable General Empresarial | |
| 264 | _bInstituto PacĂfico | ||
| 942 | _cLIB | ||
| 999 |
_c17747 _d17747 |
||